|
|
|
|
| LEADER |
01132nam a22002892a 4500 |
| 001 |
000796788 |
| 003 |
CZ BrMZK |
| 005 |
20140516134316.0 |
| 007 |
ta |
| 008 |
051110s1961 xr er|||||||||||cze d |
| 015 |
|
|
|a cnb000603573
|
| 040 |
|
|
|a ABA001
|b cze
|c OSA001
|d BOA001
|
| 100 |
1 |
|
|a Spurný, Jan,
|d 1909-1988
|7 jz8600965
|4 aut
|
| 245 |
1 |
0 |
|a Otto Eckert /
|c Jan Spurný
|
| 250 |
|
|
|a 1. vyd.
|
| 260 |
|
|
|a Praha :
|b Nakladatelství československých výtvarných umělců,
|c 1961
|
| 300 |
|
|
|a 10 s., 10 s. příl.
|
| 490 |
1 |
|
|a Současné profily. Nová řada ;
|v sv. 8
|
| 504 |
|
|
|a Obsahuje bibliografii
|
| 830 |
|
0 |
|a Současné profily.
|p Nová řada
|
| 856 |
4 |
1 |
|u http://www.digitalniknihovna.cz/mzk/uuid/uuid:a3c3ace0-581e-11e3-ae59-005056827e52
|y Digitalizovaný dokument
|x NDK
|
| 910 |
|
|
|a BOA001
|b 2-0458.304
|b PK-0027.745
|
| 964 |
|
|
|a Eckert, Otto - keramika - publikace obrazové
|
| 990 |
|
|
|a BK
|
| 991 |
|
|
|b 201405
|
| 996 |
6 |
|
|b 2619077258
|c 2-0458.304
|l MZK
|r Sklad / do 24 hodin
|n 0
|w 000796788
|u 000020
|a 1
|e BOA001
|j MZK50
|s P
|
| 996 |
7 |
|
|b 3119684015
|c PK-0027.745
|l MZK
|r Sklad / do 1 hodiny
|n 1
|w 000796788
|u 000010
|a 1
|e BOA001
|j MZK50
|s A
|